[Event "SCO-ch 125th"]
[Site "Paisley"]
[Date "2018.07.15"]
[Round "9"]
[White "D Allesio, Marco"]
[Black "Tsang, Sai Kong"]
[Result "0-1"]
[WhiteElo "1609"]
[BlackElo "1949"]
[PlyCount "42"]
[EventDate "2018.07.07"]
[EventType "swiss"]
[EventRounds "9"]
[EventCountry "SCO"]
[SourceTitle "EXT 2019"]
[Source "ChessBase"]
[SourceDate "2018.10.10"]
[SourceVersion "1"]
[SourceVersionDate "2018.10.10"]
[SourceQuality "1"]

1. e4 c5 2. c3 e6 3. d4 d5 4. exd5 exd5 5. Nf3 Nf6 6. Bb5+ Bd7 7. Qe2+ Be7 8. dxc5 0-0 9. Be3 Re8 10. b4 Ng4 11. Bxd7 Nxd7 12. 0-0 a5 13. Nd4 Nxe3 14. fxe3 Bg5 15. Nf5 axb4 16. Nd6 Rxe3 17. Qg4 Ne5 18. Qxb4 Re2 19. Qb3 Be3+ 20. Kh1 Qh4 21. Qxd5 Bf4 0-1

[Event "SCO-ch 125th"]
[Site "Paisley"]
[Date "2018.07.13"]
[Round "7"]
[White "Tsang, Sai Kong"]
[Black "Sanger, Jake M"]
[Result "0-1"]
[WhiteElo "1949"]
[BlackElo "1841"]
[PlyCount "56"]
[EventDate "2018.07.07"]
[EventType "swiss"]
[EventRounds "9"]
[EventCountry "SCO"]
[SourceTitle "CBM 185 Extra"]
[Source "ChessBase"]
[SourceDate "2018.07.29"]
[SourceVersion "1"]
[SourceVersionDate "2018.07.29"]
[SourceQuality "1"]

1. d4 Nf6 2. Nf3 g6 3. g3 Bg7 4. Bg2 0-0 5. 0-0 d5 6. Ne5 c5 7. c3 Nc6 8. f4 Qb6 9. e3 Rd8 10. Nd2 Bf5 11. b3 cxd4 12. Nxc6 bxc6 13. cxd4 c5 14. Bb2 Ng4 15. Qe2 cxd4 16. exd4 Bxd4+ 17. Bxd4 Qxd4+ 18. Kh1 Bd3 19. Qxg4 Bxf1 20. Rxf1 Qxd2 21. f5 Rac8 22. fxg6 hxg6 23. Qf3 f6 24. Qg4 Kf7 25. Bh3 Rc1 26. Qe6+ Kf8 27. Qa6 d4 28. Qa4 Rc2 0-1

[Event "SCO-ch 123rd"]
[Site "Glasgow"]
[Date "2016.07.16"]
[Round "8"]
[White "Tsang, Sai Kong"]
[Black "Moreby, James"]
[Result "0-1"]
[WhiteElo "1918"]
[BlackElo "2040"]
[PlyCount "57"]
[EventDate "2016.07.09"]
[EventType "swiss"]
[EventRounds "9"]
[EventCountry "SCO"]
[SourceTitle "CBM 173 Extra"]
[Source "ChessBase"]
[SourceDate "2016.08.29"]
[SourceVersion "1"]
[SourceVersionDate "2016.08.29"]
[SourceQuality "1"]

1. d4 Nf6 2. g3 c5 3. d5 e6 4. c4 exd5 5. cxd5 d6 6. Nc3 g6 7. Bg2 Bg7 8. Nf3 0-0 9. 0-0 Re8 10. Nd2 a6 11. a4 Nbd7 12. h3 Rb8 13. Nc4 Qc7 14. Bf4 Bf8 15. a5 b5 16. axb6 Nxb6 17. Na5 Bd7 18. Qd3 Ra8 19. Rfc1 Nh5 20. Bd2 f5 21. e4 Nf6 22. Nc6 Bg7 23. Rxa6 fxe4 24. Rxa8 exd3 25. Rxe8+ Bxe8 26. Nb5 Qd7 27. Nc3 Bf7 28. Ra1 Bf8 29. Ra7 0-1

[Event "Dundee & Angus op"]
[Site "Dundee"]
[Date "2013.10.12"]
[Round "3"]
[White "Donohue, Tom"]
[Black "Tsang, Sai Kong"]
[Result "1-0"]
[WhiteElo "1976"]
[BlackElo "1856"]
[PlyCount "47"]
[EventDate "2013.10.11"]
[EventType "swiss"]
[EventRounds "5"]
[EventCountry "SCO"]
[SourceTitle "EXT 2017"]
[Source "ChessBase"]
[SourceDate "2016.10.25"]
[SourceVersion "1"]
[SourceVersionDate "2016.10.25"]
[SourceQuality "1"]

1. e4 c5 2. Nf3 d6 3. d4 cxd4 4. Nxd4 Nf6 5. Nc3 a6 6. Be2 e6 7. 0-0 Be7 8. a4 Nc6 9. f4 0-0 10. Be3 Qc7 11. Kh1 Bd7 12. Nb3 Nb4 13. Bd3 Rac8 14. Rf3 e5 15. Rg3 Rfe8 16. f5 Bc6 17. Bh6 Bf8 18. Bg5 Be7 19. Qd2 d5 20. Bh6 Nh5 21. Rh3 Nf4 22. Bxf4 exf4 23. exd5 Nxd3 24. Rxd3 1-0

[Event "SCO-ch 119th"]
[Site "Glasgow"]
[Date "2012.07.14"]
[Round "9"]
[White "Thomas, Daniel"]
[Black "Tsang, Sai Kong"]
[Result "0-1"]
[WhiteElo "1793"]
[BlackElo "1895"]
[PlyCount "28"]
[EventDate "2012.07.07"]
[EventType "swiss"]
[EventRounds "9"]
[EventCountry "SCO"]
[SourceTitle "EXT 2023"]
[Source "ChessBase"]
[SourceDate "2022.10.05"]
[SourceVersion "1"]
[SourceVersionDate "2022.10.05"]
[SourceQuality "1"]

1. d4 Nf6 2. c4 g6 3. Nc3 d5 4. Bg5 c6 5. e3 Bg7 6. Qc2 0-0 7. cxd5 Nxd5 8. Nxd5 cxd5 9. Nf3 Nc6 10. a3 Bf5 11. Bd3 Qa5+ 12. Nd2 Nb4 13. Qc3 Nxd3+ 14. Ke2 Qa6 0-1

[Event "Edinburgh op"]
[Site "Edinburgh"]
[Date "2012.03.30"]
[Round "4"]
[White "Allor, Chuckwuka"]
[Black "Tsang, Sai Kong"]
[Result "1-0"]
[WhiteElo "2145"]
[BlackElo "1900"]
[PlyCount "57"]
[EventDate "2012.03.30"]
[EventType "swiss"]
[EventRounds "5"]
[EventCountry "SCO"]
[SourceTitle "EXT 2014"]
[Source "ChessBase"]
[SourceDate "2013.11.20"]
[SourceVersion "1"]
[SourceVersionDate "2013.11.20"]
[SourceQuality "1"]

1. e4 c5 2. Nf3 g6 3. d4 cxd4 4. Nxd4 Bg7 5. Nc3 Nc6 6. Be3 d6 7. Qd2 Nf6 8. f3 h5 9. 0-0-0 Bd7 10. Bc4 Rc8 11. Bd3 Ne5 12. Nd5 Nc4 13. Bxc4 Rxc4 14. b3 Nxd5 15. exd5 Rc8 16. Kb1 b5 17. Rhe1 h4 18. Bg5 f6 19. Bf4 Qc7 20. Qe2 Bf8 21. Nxb5 Bxb5 22. Qxb5+ Kf7 23. Qe2 Rh5 24. g4 hxg3 25. hxg3 Bg7 26. g4 Rh3 27. Rd4 Rch8 28. Qe6+ Kf8 29. Rc4 1-0

[Event "Dundee & Angus op"]
[Site "Dundee"]
[Date "2012.??.??"]
[Round "3"]
[White "Tsang, Sai Kong"]
[Black "Pyrich, George D"]
[Result "1/2-1/2"]
[WhiteElo "1830"]
[BlackElo "1925"]
[PlyCount "50"]
[EventDate "2012.10.13"]
[EventType "swiss"]
[EventRounds "5"]
[EventCountry "SCO"]
[SourceTitle "EXT 2017"]
[Source "ChessBase"]
[SourceDate "2016.10.25"]
[SourceVersion "1"]
[SourceVersionDate "2016.10.25"]
[SourceQuality "1"]

1. d4 Nf6 2. Nf3 g6 3. c4 Bg7 4. Nc3 0-0 5. e4 d6 6. Be2 e5 7. 0-0 Nc6 8. Re1 Bg4 9. d5 Bxf3 10. Bxf3 Nd4 11. Be3 Nd7 12. Rb1 c5 13. b4 f5 14. Nb5 Nf6 15. Bxd4 cxd4 16. c5 fxe4 17. Bg4 dxc5 18. Be6+ Kh8 19. bxc5 Ne8 20. Rxe4 a6 21. Nd6 Nxd6 22. cxd6 Qxd6 23. Rxb7 Rab8 24. Rxb8 Rxb8 25. g3 Qc5 1/2-1/2

[Event "Oban op"]
[Site "Oban"]
[Date "2011.11.19"]
[Round "3"]
[White "Bamber, Elaine"]
[Black "Tsang, Sai Kong"]
[Result "0-1"]
[WhiteElo "2120"]
[BlackElo "1823"]
[PlyCount "76"]
[EventDate "2011.11.18"]
[EventType "swiss"]
[EventRounds "5"]
[EventCountry "SCO"]
[SourceTitle "EXT 2023"]
[Source "ChessBase"]
[SourceDate "2022.10.05"]
[SourceVersion "1"]
[SourceVersionDate "2022.10.05"]
[SourceQuality "1"]

1. e4 c5 2. Nc3 Nc6 3. f4 d6 4. Nf3 Nf6 5. Bc4 e6 6. 0-0 Be7 7. d3 0-0 8. Bd2 a6 9. a4 Nb4 10. Bb3 b6 11. Ne2 Bb7 12. Qe1 a5 13. Ng3 Rc8 14. f5 e5 15. Ne2 c4 16. Bxb4 cxb3 17. Bd2 Rxc2 18. Bc3 Ba6 19. Nc1 Qc7 20. Ra3 Rxc1 21. Qxc1 Bxd3 22. Re1 Nxe4 23. Rxb3 Nc5 24. Bxa5 bxa5 25. Rxd3 Qb6 26. Rde3 Nd3 27. Qc3 Nxe1 28. Qxe1 e4 29. Kh1 d5 30. b3 Bc5 31. Re2 exf3 32. gxf3 Bb4 33. Qa1 d4 34. Qd1 Qf6 35. Qd3 h6 36. Kg2 Rc8 37. Re4 Rc3 38. Qd1 d3 0-1

[Event "Dundee & Angus op"]
[Site "Dundee"]
[Date "2011.10.15"]
[Round "2"]
[White "Hogg, Stephen William"]
[Black "Tsang, Sai Kong"]
[Result "1-0"]
[WhiteElo "2010"]
[BlackElo "1823"]
[PlyCount "55"]
[EventDate "2011.10.14"]
[EventType "swiss"]
[EventRounds "5"]
[EventCountry "SCO"]
[SourceTitle "EXT 2017"]
[Source "ChessBase"]
[SourceDate "2016.10.25"]
[SourceVersion "1"]
[SourceVersionDate "2016.10.25"]
[SourceQuality "1"]

1. d4 Nf6 2. c4 g6 3. Nf3 Bg7 4. Nc3 d5 5. e3 Bf5 6. Qb3 dxc4 7. Bxc4 0-0 8. Ne5 e6 9. f3 g5 10. Qxb7 Nfd7 11. Qxa8 Nb6 12. Qxa7 Bxe5 13. Bb5 Bf6 14. 0-0 g4 15. Ne4 Be7 16. Nf2 gxf3 17. gxf3 Bd6 18. f4 Kh8 19. Qb7 Rg8+ 20. Kh1 Qh4 21. Qf3 Nd5 22. Bd2 Nf6 23. Rg1 Ng4 24. Nxg4 Bxg4 25. Rxg4 Qxg4 26. Qxg4 Rxg4 27. Rg1 Rh4 28. Be8 1-0

[Event "Dundee & Angus op"]
[Site "Dundee"]
[Date "2011.10.15"]
[Round "3"]
[White "Tsang, Sai Kong"]
[Black "McGregor, Lindsay A"]
[Result "1-0"]
[WhiteElo "1823"]
[BlackElo "1804"]
[PlyCount "62"]
[EventDate "2011.10.14"]
[EventType "swiss"]
[EventRounds "5"]
[EventCountry "SCO"]
[SourceTitle "EXT 2017"]
[Source "ChessBase"]
[SourceDate "2016.10.25"]
[SourceVersion "1"]
[SourceVersionDate "2016.10.25"]
[SourceQuality "1"]

1. Nf3 d5 2. d4 Nf6 3. g3 Bg4 4. Bg2 Nbd7 5. 0-0 c5 6. Bf4 Qb6 7. dxc5 Qxb2 8. Nbd2 Nxc5 9. Be5 Qb5 10. Nd4 Qd7 11. Rb1 a6 12. c4 e6 13. N2b3 Nce4 14. Qc2 Bd6 15. Bxf6 Nxf6 16. Na5 b5 17. cxb5 axb5 18. Rxb5 0-0 19. Nb7 Rfc8 20. Qb3 Be7 21. f3 Bh5 22. Bh3 Rc4 23. Rd1 Rac8 24. Rb6 Qc7 25. Kg2 Rb8 26. Rb5 Rc3 27. Qb2 Ba3 28. Qd2 Qc4 29. Na5 Rxb5 30. Nxc4 Rb2 31. Qxc3 dxc4 1-0

[Event "Prestwick Airport op"]
[Site "Prestwick"]
[Date "2011.05.15"]
[Round "4"]
[White "Tsang, Sai Kong"]
[Black "Mannion, Stephen R"]
[Result "0-1"]
[WhiteElo "1891"]
[BlackElo "2369"]
[PlyCount "74"]
[EventDate "2011.05.13"]
[EventType "swiss"]
[EventRounds "5"]
[EventCountry "SCO"]
[SourceTitle "EXT 2023"]
[Source "ChessBase"]
[SourceDate "2022.10.05"]
[SourceVersion "1"]
[SourceVersionDate "2022.10.05"]
[SourceQuality "1"]

1. d4 d5 2. Nf3 Nf6 3. g3 Bf5 4. Bg2 e6 5. c4 c6 6. Nc3 Nbd7 7. Bf4 h6 8. 0-0 Be7 9. Rc1 0-0 10. Ne5 Rc8 11. Qd2 Nxe5 12. Bxe5 dxc4 13. e4 Bh7 14. Rfd1 Bb4 15. Qe2 b5 16. a4 a6 17. Bxf6 Qxf6 18. e5 Qe7 19. Be4 Bxe4 20. Qxe4 Rfd8 21. Qg4 Bxc3 22. bxc3 Rd5 23. Rb1 Rcd8 24. Qe2 Qd7 25. Qa2 c5 26. Qb2 cxd4 27. cxd4 Qa7 28. Ra1 Qb6 29. axb5 axb5 30. Rab1 Rxd4 31. Rxd4 Rxd4 32. Qc2 Qc5 33. Ra1 Qd5 34. Qb1 c3 35. Qc2 b4 36. Rb1 Qxe5 37. Qa4 Qe4 0-1

[Event "East of Scotland-ch"]
[Site "Scotland"]
[Date "2010.05.30"]
[Round "4"]
[White "Tsang, Sai Kong"]
[Black "Malkin, Kenneth"]
[Result "1-0"]
[WhiteElo "1900"]
[BlackElo "1981"]
[PlyCount "83"]
[EventDate "2010.05.28"]
[EventType "swiss"]
[EventRounds "5"]
[EventCountry "SCO"]
[SourceTitle "EXT 2023"]
[Source "ChessBase"]
[SourceDate "2022.10.05"]
[SourceVersion "1"]
[SourceVersionDate "2022.10.05"]
[SourceQuality "1"]

1. d4 d5 2. Nf3 Nc6 3. g3 Nf6 4. Bg2 Bf5 5. 0-0 e6 6. c4 Bxb1 7. Rxb1 Ne7 8. Qb3 Qc8 9. Bf4 c6 10. Rbc1 g6 11. Ne5 Bg7 12. Qf3 0-0 13. Bg5 Nf5 14. g4 Ne4 15. gxf5 Nxg5 16. Qg4 gxf5 17. Qxg5 f6 18. Qh5 fxe5 19. dxe5 Qe8 20. Qxe8 Raxe8 21. cxd5 exd5 22. f4 Kf7 23. Kf2 Ke6 24. Rfd1 Rf7 25. Rd3 Bf8 26. a3 Bh6 27. e3 Bf8 28. b4 a6 29. Rb1 Rd7 30. Bh3 Rc7 31. Bg2 Ree7 32. Rc1 Rg7 33. Bf3 Rg6 34. Bxd5+ Ke7 35. Bf3 Rh6 36. Kg2 Ke8 37. Kh1 Rg7 38. Rcd1 Be7 39. Rg1 Rxg1+ 40. Kxg1 Rg6+ 41. Kh1 a5 42. Bh5 1-0

[Event "Oban op"]
[Site "Oban"]
[Date "2010.02.20"]
[Round "2"]
[White "Tsang, Sai Kong"]
[Black "Ferry, Edward"]
[Result "0-1"]
[WhiteElo "1876"]
[BlackElo "1954"]
[PlyCount "70"]
[EventDate "2010.02.19"]
[EventType "swiss"]
[EventRounds "5"]
[EventCountry "SCO"]
[SourceTitle "EXT 2023"]
[Source "ChessBase"]
[SourceDate "2022.10.05"]
[SourceVersion "1"]
[SourceVersionDate "2022.10.05"]
[SourceQuality "1"]

1. d4 d5 2. g3 Nf6 3. Bg2 c5 4. Nf3 Nc6 5. 0-0 Bf5 6. Bf4 e6 7. Nc3 a6 8. e3 h6 9. Ne5 Nxe5 10. dxe5 Ne4 11. g4 Nxc3 12. bxc3 Be4 13. Bxe4 dxe4 14. c4 Qc7 15. c3 Qc6 16. Qb3 0-0-0 17. Rab1 Be7 18. Qc2 Rd7 19. Rb3 Bd8 20. Rfb1 b6 21. Qb2 Bc7 22. g5 hxg5 23. Bxg5 f6 24. Bf4 g5 25. Bg3 f5 26. Qe2 Rf7 27. Qd2 Rd8 28. Qc1 Rg8 29. Kh1 Rgf8 30. Kg1 f4 31. exf4 gxf4 32. Bh4 Rg8+ 33. Kf1 e3 34. Qe1 Qf3 35. Qd1 e2+ 0-1

[Event "Perth op"]
[Site "Perth"]
[Date "2009.02.01"]
[Round "5"]
[White "Tsang, Sai Kong"]
[Black "Hilton, Stephen H"]
[Result "1/2-1/2"]
[WhiteElo "1943"]
[BlackElo "1860"]
[PlyCount "52"]
[EventDate "2009.01.30"]
[EventType "swiss"]
[EventRounds "5"]
[EventCountry "SCO"]
[SourceTitle "EXT 2011"]
[Source "ChessBase"]
[SourceDate "2010.11.26"]
[SourceVersion "1"]
[SourceVersionDate "2010.11.26"]
[SourceQuality "1"]

1. d4 Nf6 2. Nf3 g6 3. c4 Bg7 4. Nc3 d5 5. Bf4 c6 6. e3 0-0 7. Rc1 Qa5 8. Nd2 dxc4 9. Nxc4 Qd8 10. Be2 Nbd7 11. 0-0 Nb6 12. e4 Be6 13. Ne3 Rc8 14. Qd2 Qd7 15. Rfd1 Rfd8 16. b3 a6 17. Qe1 Qe8 18. Bf3 Nh5 19. Bxh5 gxh5 20. d5 cxd5 21. Nexd5 Bxd5 22. exd5 Qf8 23. Qe3 Rxc3 24. Qxb6 Rxc1 25. Bxc1 Rd7 26. Kf1 Qd8 1/2-1/2

[Event "Perth op"]
[Site "Perth"]
[Date "2009.01.30"]
[Round "1"]
[White "Monaghan, Mark"]
[Black "Tsang, Sai Kong"]
[Result "0-1"]
[WhiteElo "1645"]
[BlackElo "1943"]
[PlyCount "70"]
[EventDate "2009.01.30"]
[EventType "swiss"]
[EventRounds "5"]
[EventCountry "SCO"]
[SourceTitle "EXT 2011"]
[Source "ChessBase"]
[SourceDate "2010.11.26"]
[SourceVersion "1"]
[SourceVersionDate "2010.11.26"]
[SourceQuality "1"]

1. d4 Nf6 2. c4 g6 3. Nc3 Bg7 4. e4 d6 5. Be2 0-0 6. f4 c5 7. d5 e6 8. Nf3 exd5 9. cxd5 Re8 10. e5 dxe5 11. fxe5 Ng4 12. Bg5 Qb6 13. e6 fxe6 14. h3 Qxb2 15. 0-0 Ne3 16. Bxe3 Qxc3 17. Rb1 Qxe3+ 18. Kh1 exd5 19. Bb5 Rd8 20. Re1 Qf4 21. Re8+ Rxe8 22. Bxe8 Qe4 23. Ba4 Nc6 24. Bc2 Qe6 25. Ng5 Qe5 26. Nf3 Qd6 27. Bd3 Nd4 28. Nxd4 Bxd4 29. Qf3 Be6 30. Rd1 Rf8 31. Qe2 Kg7 32. Qd2 c4 33. Bb1 Qg3 34. Qb4 Be5 35. Qe7+ Rf7 0-1

[Event "Dundee & Angus op"]
[Site "Dundee"]
[Date "2009.??.??"]
[Round "1"]
[White "Drtina, Milan"]
[Black "Tsang, Sai Kong"]
[Result "1-0"]
[WhiteElo "2252"]
[BlackElo "1876"]
[PlyCount "68"]
[EventDate "2009.10.16"]
[EventType "swiss"]
[EventRounds "5"]
[EventCountry "SCO"]
[SourceTitle "EXT 2017"]
[Source "ChessBase"]
[SourceDate "2016.10.25"]
[SourceVersion "1"]
[SourceVersionDate "2016.10.25"]
[SourceQuality "1"]

1. e4 c5 2. c4 Nc6 3. Ne2 Nf6 4. Nbc3 g6 5. d4 cxd4 6. Nxd4 d6 7. Be2 Bg7 8. Be3 Bd7 9. 0-0 0-0 10. h3 h5 11. Rc1 a6 12. Kh2 Rc8 13. Qd2 e5 14. Nf3 Be6 15. Rfd1 Nd4 16. b3 b5 17. Bxd4 exd4 18. Nxd4 b4 19. Na4 Nxe4 20. Qe3 Qc7 21. Kg1 Bxd4 22. Qxd4 Nc5 23. Qxd6 Nxa4 24. bxa4 Qa5 25. Qg3 Rc5 26. Rd6 Rfc8 27. Bd1 Rg5 28. Qd3 Rxg2+ 29. Kxg2 Qg5+ 30. Kh2 Qxc1 31. Bb3 Bf5 32. Qf3 Rc5 33. Rd7 Qg5 34. Qg3 Qc1 1-0

[Event "Dundee & Angus op"]
[Site "Dundee"]
[Date "2009.??.??"]
[Round "3"]
[White "Tsang, Sai Kong"]
[Black "Marks, Ian Alexander"]
[Result "1-0"]
[WhiteElo "1876"]
[BlackElo "2256"]
[PlyCount "97"]
[EventDate "2009.10.16"]
[EventType "swiss"]
[EventRounds "5"]
[EventCountry "SCO"]
[SourceTitle "EXT 2017"]
[Source "ChessBase"]
[SourceDate "2016.10.25"]
[SourceVersion "1"]
[SourceVersionDate "2016.10.25"]
[SourceQuality "1"]

1. d4 Nf6 2. Nf3 c5 3. d5 e6 4. c4 exd5 5. cxd5 d6 6. Nc3 g6 7. e4 Bg7 8. Bb5+ Bd7 9. a4 0-0 10. 0-0 Bg4 11. h3 Bxf3 12. Qxf3 a6 13. Bc4 Nbd7 14. Bb3 Qc7 15. Bf4 Rfe8 16. g4 Rab8 17. Ra3 Ne5 18. Qg3 b5 19. axb5 axb5 20. Rfa1 b4 21. Ra7 Qb6 22. R1a6 Qd8 23. Ne2 Nxe4 24. Qg2 Nd3 25. Qf3 Nxf4 26. Qxf4 Ng5 27. Kg2 Rxe2 28. Rxd6 Rxf2+ 29. Qxf2 Qxd6 30. h4 Bd4 31. Qf1 Bxb2 32. hxg5 Rf8 33. Qf3 Bd4 34. Bc4 f6 35. Ra6 Qe5 36. d6+ Kh8 37. d7 Qb8 38. gxf6 Qd8 39. g5 Be5 40. Qd5 Bd4 41. Rc6 Qa8 42. Qe6 h6 43. Bd5 Qa1 44. Qe2 Qg1+ 45. Kh3 Qxg5 46. Rc8 Qf5+ 47. Qg4 Qf1+ 48. Bg2 Qd3+ 49. Qf3 1-0